[Event "Challenge"]
[Site "http://www.queenalice.com/game.php?id=503501"]
[Date "2008.12.5"]
[Round "-"]
[White "Simon_Itanos"]
[Black "Polux"]
[Result "1-0"]
[WhiteElo "1949"]
[BlackElo "1719"]

1. Nf3 d6 2. g3 e5 3. Bg2 e4 4. Nd4 d5 5. O-O Nf6 6. Nc3 h5 7. d3 Ng4 8. dxe4
dxe4 9. Nxe4 Bc5 10. Nxc5 a5 11. Nxb7 Bxb7 12. Bxb7 Ra7 13. Nc6 Qxd1 14. Rxd1
Nxc6 15. Bxc6+ 1-0

[Event "Challenge"]
[Site "http://www.queenalice.com/game.php?id=503502"]
[Date "2008.12.5"]
[Round "-"]
[White "Polux"]
[Black "Simon_Itanos"]
[Result "0-1"]
[WhiteElo "1750"]
[BlackElo "1991"]

1. e4 c5 2. Bc4 Nc6 3. Nf3 e6 4. Nc3 a6 5. a4 Nf6 6. d3 d5 7. exd5 exd5 8. Ba2
Qe7+ 9. Ne2 Bg4 10. O-O Bxf3 11. Re1 Nd4 12. Nxd4 Bxd1 13. Rxe7+ Bxe7 14. Bg5
Bg4 15. Nb3 O-O-O 16. Re1 Rhe8 17. h3 Bd6 18. Rxe8 Rxe8 19. g3 Bxh3 20. Kh2 Bd7
21. a5 Ng4+ 22. Kg2 Re2 0-1

[Event "Challenge"]
[Site "http://www.queenalice.com/game.php?id=503708"]
[Date "2008.12.6"]
[Round "-"]
[White "Simon_Itanos"]
[Black "xerxe"]
[Result "1-0"]
[WhiteElo "2023"]
[BlackElo "1546"]

1. Nf3 d5 2. g3 Nc6 3. Bg2 e5 4. O-O Bc5 5. Nxe5 Qd6 6. Nxc6 Qxc6 7. d4 Bb6 8.
e4 dxe4 9. Nc3 Nf6 10. Nxe4 O-O 11. Re1 Bf5 12. Nxf6+ Qxf6 13. Bxb7 Rab8 14. Be4
Rfd8 15. Bxf5 Qxf5 16. c3 c5 17. Bf4 Rbc8 18. d5 Rxd5 19. Qa4 Qd7 20. Qxd7 Rxd7
21. Rad1 Rxd1 22. Rxd1 c4 23. Rd7 Re8 24. Kf1 f5 25. b4 cxb3 26. axb3 a5 27. Rd5
Kf7 28. Rxf5+ Kg6 29. Rd5 Re6 30. c4 1-0

[Event "Let's Play Chess!"]
[Site "http://www.queenalice.com/game.php?id=505449"]
[Date "2008.12.10"]
[Round "-"]
[White "ZZZZ"]
[Black "Simon_Itanos"]
[Result "0-1"]
[WhiteElo "1670"]
[BlackElo "2039"]

1. e4 c5 2. Bc4 Nc6 3. Qf3 Nf6 4. c3 Ne5 5. Qe2 Nxc4 6. Qxc4 d5 7. Qxc5 e5 8.
Qb5+ Bd7 9. Qxb7 Bc5 10. exd5 Rb8 11. Qa6 Bb5 12. Qxb5+ Rxb5 13. a4 Qxd5 14. f3
Rb3 15. a5 e4 16. Ne2 O-O 17. Nf4 Qf5 18. Ne2 exf3 19. gxf3 Qxf3 20. Rf1 Qd3 21.
Na3 Re8 22. Kd1 Ng4 0-1

[Event "Let's Play Chess!"]
[Site "http://www.queenalice.com/game.php?id=505451"]
[Date "2008.12.10"]
[Round "-"]
[White "Simon_Itanos"]
[Black "ZZZZ"]
[Result "1-0"]
[WhiteElo "2091"]
[BlackElo "1687"]

1. Nf3 d6 2. g3 e5 3. Bg2 e4 4. Nd4 Nf6 5. Nc3 Qe7 6. d3 d5 7. Bg5 h6 8. Nxd5
hxg5 9. Nxe7 Bxe7 10. dxe4 O-O 11. Nf5 Bxf5 12. exf5 Rd8 13. Qxd8+ Bxd8 14. Bxb7
c6 15. Bxa8 a6 16. O-O-O Be7 17. Rd4 c5 18. Rc4 Nbd7 19. Ra4 Ng4 20. Rxg4 Bf6
21. Rd1 Nf8 22. Rd5 c4 23. Rxc4 g6 24. fxg6 Nxg6 25. a4 Ne5 26. Re4 Ng6 27. a5
Kg7 28. Bb7 Kh6 29. Bxa6 Nf8 30. Bc8 Kh5 31. a6 Ne6 32. Bxe6 fxe6 33. Rxe6 1-0

[Event "Let's Play Chess!"]
[Site "http://www.queenalice.com/game.php?id=505558"]
[Date "2008.12.12"]
[Round "-"]
[White "Simon_Itanos"]
[Black "MalucoO"]
[Result "1-0"]
[WhiteElo "2115"]
[BlackElo "1953"]

1. Nf3 Nf6 2. g3 c6 3. Bg2 g6 4. O-O Bg7 5. Nc3 O-O 6. d4 d5 7. Bf4 Bf5 8. Qd2
Nbd7 9. Rfd1 Re8 10. a4 Ne4 11. Nxe4 Bxe4 12. a5 e5 13. Nxe5 Bxg2 14. Nxd7 Qxd7
15. Kxg2 f5 16. Qd3 Bf6 17. Re1 Re4 18. c3 Rae8 19. f3 R4e7 20. h4 Kg7 21. b4 h6
22. Qd2 h5 23. e3 Rf7 24. Qd3 1-0

[Event "Let's Play Chess!"]
[Site "http://www.queenalice.com/game.php?id=505559"]
[Date "2008.12.12"]
[Round "-"]
[White "MalucoO"]
[Black "Simon_Itanos"]
[Result "0-1"]
[WhiteElo "1963"]
[BlackElo "2106"]

1. e4 c5 2. Nf3 Nc6 3. d4 cxd4 4. Nxd4 d6 5. Nc3 e5 6. Ndb5 a6 7. Na3 b5 8. Nd5
Nf6 9. c4 Nxe4 10. cxb5 Nd4 11. Bd3 Nf6 12. Nxf6+ Qxf6 13. bxa6 Be7 14. O-O O-O
15. Be3 d5 16. Bxd4 exd4 17. Qh5 g6 18. Qxd5 Bxa6 19. Bxa6 Rfd8 20. Qb3 Rxa6 21.
Nc4 d3 0-1

[Event "Challenge"]
[Site "http://www.queenalice.com/game.php?id=506268"]
[Date "2008.12.11"]
[Round "-"]
[White "WilsonFerreira"]
[Black "Simon_Itanos"]
[Result "0-1"]
[WhiteElo "1939"]
[BlackElo "2122"]

1. e4 Nc6 2. d4 e6 3. Nf3 d5 4. e5 Nge7 5. Bg5 h6 6. Be3 Nf5 7. Qd2 Be7 8. Bd3
O-O 9. a3 Nxe3 10. Qxe3 b6 11. Nc3 Na5 12. b3 Bb7 13. Ne2 c5 14. O-O Qc7 15. h3
c4 16. bxc4 Nxc4 17. Qf4 Nb2 18. Ng3 Nxd3 19. cxd3 Ba6 20. Rfd1 Rac8 21. Nh5 Qc3
22. Qg4 g6 23. Nf6+ Kg7 24. Nh5+ Kh8 25. Nf6 Bxd3 26. Qh4 Kg7 27. Nh5+ gxh5 28.
Qxe7 Rc7 29. Qf6+ Kh7 30. Rac1 Bc2 31. Rd2 Qb2 32. Rcxc2 Rxc2 33. Rxc2 Qxc2 34.
Qe7 Qc1+ 35. Kh2 Qf4+ 36. Kh1 Rc8 37. Ng1 Rc2 0-1

[Event "Challenge"]
[Site "http://www.queenalice.com/game.php?id=509878"]
[Date "2008.12.19"]
[Round "-"]
[White "GingerFox"]
[Black "Simon_Itanos"]
[Result "0-1"]
[WhiteElo "1330"]
[BlackElo "2053"]

1. e4 c5 2. Bb5 a6 3. Ba4 b5 4. Bb3 c4 5. Qf3 cxb3 6. Qxb3 Nc6 7. Nf3 Nf6 8. Ng5
d5 9. e5 Nxe5 10. O-O h6 11. Nf3 Nxf3+ 12. Qxf3 Bg4 13. Qg3 e6 14. Re1 Bd6 15.
Qc3 Rc8 16. Qd4 O-O 17. d3 Rxc2 18. Na3 Bxa3 19. bxa3 Qa5 20. Bb2 Qd2 21. h3
Rxb2 22. Rad1 Bxd1 23. Kf1 Be2+ 24. Rxe2 Rb1+ 25. Re1 Qxe1# 0-1

[Event "1060"]
[Site "http://www.queenalice.com/game.php?id=510934"]
[Date "2008.12.22"]
[Round "-"]
[White "Simon_Itanos"]
[Black "phystutordotcom"]
[Result "1-0"]
[WhiteElo "2091"]
[BlackElo "2049"]

1. Nf3 g6 2. d4 Bg7 3. Nc3 c6 4. e4 d5 5. Bd3 dxe4 6. Nxe4 Nd7 7. O-O Ngf6 8.
Re1 Nxe4 9. Rxe4 Nf6 10. Re1 O-O 11. c3 Qc7 12. Bg5 Bg4 13. h3 Bxf3 14. Qxf3 h6
15. Bd2 Rae8 16. Rad1 Nd5 17. c4 Nb6 18. b3 Bxd4 19. Bf4 Qc8 20. Bxh6 Bg7 21.
Bg5 Qd7 22. Qg3 Qc8 23. Bxe7 1-0

[Event "1061"]
[Site "http://www.queenalice.com/game.php?id=510935"]
[Date "2008.12.22"]
[Round "-"]
[White "phystutordotcom"]
[Black "Simon_Itanos"]
[Result "1/2-1/2"]
[WhiteElo "2105"]
[BlackElo "2129"]

1. Nf3 d5 2. d3 Nc6 3. Nbd2 Nf6 4. g3 e5 5. e4 dxe4 6. dxe4 Bc5 7. Bg2 O-O 8.
O-O Qd7 9. Qe2 Rd8 10. Nc4 Qe7 11. Bg5 h6 12. Bxf6 Qxf6 13. Rad1 Be6 14. b3 Nd4
15. Nxd4 Bxd4 16. Ne3 c6 17. Rd3 a5 18. Rfd1 a4 19. R1d2 b5 20. Qd1 axb3 21.
axb3 Rd7 22. Nf5 Ra1 23. Qxa1 Bxa1 24. Rxd7 Bxd7 25. Rxd7 Bc3 26. Bh3 Bb4 27.
Kg2 h5 28. c3 Bf8 29. Kg1 Qg5 30. Ne3 Bc5 31. Rd3 Bxe3 32. Rxe3 Qd8 33. b4 Qd2
34. Kg2 g5 35. Bf5 Kf8 36. Bc8 Ke7 37. Bf5 Qd1 38. Bc8 Qd2 39. Bf5 Qd1 1/2-1/2

[Event "Let's Play Chess!"]
[Site "http://www.queenalice.com/game.php?id=511116"]
[Date "2008.12.22"]
[Round "-"]
[White "dnptrs"]
[Black "Simon_Itanos"]
[Result "0-1"]
[WhiteElo "2147"]
[BlackElo "2054"]

1. d4 Nf6 2. Nf3 e6 3. e3 g6 4. Be2 d5 5. O-O Bg7 6. c4 O-O 7. Nc3 Nc6 8. h3 b6
9. cxd5 exd5 10. Bd2 Ne4 11. Be1 Re8 12. Rc1 Nxc3 13. Rxc3 Bd7 14. a3 Qf6 15.
Nh2 Qd6 16. Rc1 a6 17. b4 a5 18. b5 Na7 19. a4 c6 20. bxc6 Nxc6 21. Nf3 Rac8 22.
Rb1 Nb4 23. Bxb4 axb4 24. Qb3 Bf8 25. Rfc1 Rxc1+ 26. Rxc1 Rc8 27. Rxc8 Bxc8 28.
Ne5 f6 29. Nd3 Ba6 30. Bf3 Bc4 31. Qd1 b3 32. Nb2 Qb4 33. Qc1 Kg7 34. h4 h5 35.
g4 hxg4 36. Bxg4 f5 37. Bh3 b5 38. axb5 Qxb5 39. h5 Qb6 40. hxg6 Qxg6+ 41. Bg2
Ba3 42. Qc3 f4 0-1

[Event "Let's Play Chess!"]
[Site "http://www.queenalice.com/game.php?id=511372"]
[Date "2008.12.22"]
[Round "-"]
[White "microcephalec"]
[Black "Simon_Itanos"]
[Result "0-1"]
[WhiteElo "1800"]
[BlackElo "2026"]

1. e4 c5 2. d4 cxd4 3. c3 Nf6 4. Bd3 Nc6 5. Nf3 dxc3 6. Nxc3 g6 7. O-O Bg7 8.
Be3 O-O 9. Rc1 d5 10. exd5 Nxd5 11. Bc4 Nxe3 12. fxe3 Qxd1 13. Rcxd1 Bg4 14. Rd7
Bxd7 15. Ng5 Bxc3 16. bxc3 Ne5 17. Bb3 Rac8 18. Nxf7 Nxf7 0-1

[Event "Let's Play Chess!"]
[Site "http://www.queenalice.com/game.php?id=511373"]
[Date "2008.12.22"]
[Round "-"]
[White "Simon_Itanos"]
[Black "microcephalec"]
[Result "1-0"]
[WhiteElo "2044"]
[BlackElo "1810"]

1. e4 e5 2. Nf3 Nc6 3. Nc3 Bc5 4. Nxe5 Qf6 5. Nf3 Nh6 6. Nd5 Qd6 7. d4 Bb6 8.
Bd3 O-O 9. Bf4 Qg6 10. O-O Kh8 11. Nxc7 Bxc7 12. Bxc7 f5 13. exf5 Nxf5 14. Nh4
Qg5 15. Nxf5 d5 16. Ne3 Nxd4 17. f4 Qe7 18. Nxd5 Qc5 19. c4 Ne6+ 20. Kh1 Nxc7
21. Qh5 g6 22. Bxg6 Bf5 23. Qxh7# 1-0

[Event "Let's Play Chess!"]
[Site "http://www.queenalice.com/game.php?id=511387"]
[Date "2009.1.5"]
[Round "-"]
[White "Carlos75"]
[Black "Simon_Itanos"]
[Result "1-0"]
[WhiteElo "2595"]
[BlackElo "2128"]

1. e4 c5 2. Nf3 Nc6 3. d4 cxd4 4. Nxd4 Nf6 5. Nc3 e5 6. Ndb5 Bb4 7. a3 Bxc3+ 8.
Nxc3 O-O 9. Be3 d6 10. Qd2 Ng4 11. Bg5 Qb6 12. h3 f6 13. Bc4+ Kh8 14. hxg4 fxg5
15. O-O-O Qxf2 16. Qxg5 Qf4+ 17. Qxf4 Rxf4 18. g5 Nd4 19. Nd5 Rf2 20. Ne7 g6 21.
Rh6 Bg4 22. Rdh1 Bh5 23. g4 Re8 24. Nd5 Rxc2+ 25. Kb1 Rxc4 26. gxh5 gxh5 27.
R6xh5 Kg7 28. Rxh7+ Kg6 29. R7h6+ Kg7 30. Ne3 1-0

[Event "Challenge"]
[Site "http://www.queenalice.com/game.php?id=513242"]
[Date "2008.12.27"]
[Round "-"]
[White "codcam"]
[Black "Simon_Itanos"]
[Result "0-1"]
[WhiteElo "1133"]
[BlackElo "2055"]

1. e4 e5 2. Bc4 Nc6 3. Qf3 Nf6 4. c3 Na5 5. d3 Nxc4 6. dxc4 Be7 7. Nh3 O-O 8.
Qg3 Nxe4 9. Qg4 d5 10. Qf3 Bxh3 11. gxh3 f5 12. Nd2 Bc5 13. Ke2 Nxf2 14. Rg1
dxc4 15. Nxc4 e4 16. Qg2 Qd3+ 17. Ke1 Qd1# 0-1

[Event "Challenge"]
[Site "http://www.queenalice.com/game.php?id=514442"]
[Date "2008.12.29"]
[Round "-"]
[White "bugeyewrx"]
[Black "Simon_Itanos"]
[Result "0-1"]
[WhiteElo "2011"]
[BlackElo "2077"]

1. Nf3 d5 2. d4 Nf6 3. c4 c6 4. Nc3 g6 5. Bf4 Bg7 6. h3 O-O 7. e3 Na6 8. Be2
dxc4 9. Bxc4 Nc7 10. e4 b5 11. Bd3 b4 12. Ne2 c5 13. Qd2 Ne6 14. Bh6 Bxh6 15.
Qxh6 cxd4 16. e5 Nd7 17. Nexd4 Nxe5 18. Nxe6 Nxd3+ 19. Kf1 fxe6 20. Ng5 Rxf2+
21. Kg1 Qd4 22. Qxh7+ Kf8 23. Qh6+ Ke8 24. Qxg6+ Kd7 0-1

[Event "rematch"]
[Site "http://www.queenalice.com/game.php?id=517635"]
[Date "2009.1.5"]
[Round "-"]
[White "bugeyewrx"]
[Black "Simon_Itanos"]
[Result "1-0"]
[WhiteElo "2104"]
[BlackElo "2112"]

1. Nf3 d5 2. c4 e6 3. d4 Nf6 4. g3 dxc4 5. Bg2 Bb4+ 6. Nbd2 c3 7. bxc3 Bxc3 8.
Rb1 Nc6 9. e3 Nd5 10. O-O O-O 11. Ba3 Bb4 12. Bxb4 Ncxb4 13. Qa4 a5 14. Qb3 b6
15. a3 a4 16. Qb2 Nc6 17. Rfc1 Bb7 18. Qb5 Qd7 19. e4 Ra5 20. Qd3 Nf6 21. e5 Nd5
22. Ng5 f5 23. exf6 gxf6 24. Nge4 Ba6 25. Nc4 Nce7 26. Qd2 Rb5 27. Rxb5 Qxb5 28.
Bf1 Qb3 29. Ne3 Bxf1 30. Nxf1 Qxa3 31. Nc3 1-0

[Event "Challenge"]
[Site "http://www.queenalice.com/game.php?id=517804"]
[Date "2009.1.6"]
[Round "-"]
[White "fabricec121"]
[Black "Simon_Itanos"]
[Result "1/2-1/2"]
[WhiteElo "2138"]
[BlackElo "2128"]

1. d4 Nf6 2. c4 g6 3. Nc3 Bg7 4. e4 O-O 5. Be2 d6 6. Nf3 b6 7. e5 dxe5 8. Nxe5
Bb7 9. O-O Nbd7 10. f4 Nxe5 11. fxe5 Nd7 12. Be3 c5 13. dxc5 Nxc5 14. Bf4 Nd7
15. Qe1 Nxe5 16. Rd1 Qc7 17. Nd5 Bxd5 18. cxd5 a5 19. Kh1 Qc2 20. Bb5 Qxb2 21.
Rb1 Qd4 22. Rd1 Qc5 23. Bxe5 Bxe5 24. Qxe5 Qxb5 25. Qxe7 Rad8 26. d6 Rd7 27. Qf6
Qc4 28. a3 Qc5 29. h4 Qxa3 30. Rfe1 Qc5 31. Re7 Qc2 32. Rxd7 Qxd1+ 33. Kh2 Qd5
34. Rd8 Rxd8 35. Qxd8+ Kg7 36. d7 Qd6+ 37. Kh1 Qd1+ 38. Kh2 Qd6+ 39. Kg1 a4 40.
Qe8 Qc5+ 41. Kh2 1/2-1/2

[Event "Challenge"]
[Site "http://www.queenalice.com/game.php?id=517806"]
[Date "2009.1.6"]
[Round "-"]
[White "Simon_Itanos"]
[Black "bugeyewrx"]
[Result "0-1"]
[WhiteElo "2100"]
[BlackElo "2116"]

1. e4 e5 2. Nf3 Nc6 3. Nc3 Nf6 4. Bb5 Bc5 5. Bxc6 dxc6 6. Nxe5 Bxf2+ 7. Kxf2
Qd4+ 8. Kf1 Qxe5 9. d4 Qe6 10. Qf3 Qc4+ 11. Qd3 Be6 12. Qxc4 Bxc4+ 13. Kf2 O-O-O
14. b3 Be6 15. Rd1 h6 16. a4 g5 17. h3 Rdg8 18. Rf1 h5 19. Ke2 Rg6 20. e5 Nd5
21. Ne4 g4 22. h4 Rhg8 23. c4 Ne7 24. Bg5 Nf5 25. Rad1 Rf8 26. Kd3 Ng7 27. Nf6
Ne8 28. Nxh5 Rh8 29. Nf4 Rgg8 30. Nxe6 fxe6 31. Rf7 Ng7 32. Bf6 Rh7 33. Rh1 a6
34. h5 Rxh5 0-1

[Event "Challenge"]
[Site "http://www.queenalice.com/game.php?id=522681"]
[Date "2009.1.14"]
[Round "-"]
[White "Simon_Itanos"]
[Black "Ludus"]
[Result "0-1"]
[WhiteElo "2112"]
[BlackElo "2146"]

1. Nf3 Nf6 2. g3 d5 3. Bg2 c6 4. O-O Bf5 5. d3 e6 6. Nc3 Nbd7 7. Bf4 h6 8. Qe1
Bb4 9. a3 Ba5 10. Bd2 Bc7 11. e4 dxe4 12. Nxe4 O-O 13. Bb4 Bxe4 14. dxe4 c5 15.
Bc3 Qe7 16. Qe2 Rfd8 17. Rfe1 Nb6 18. b3 Rd7 19. e5 Nfd5 20. Bb2 Qe8 21. Nd2
Rad8 22. Ne4 Qf8 23. Qb5 Bb8 24. c4 Nc7 25. Qxc5 Na6 26. Qxf8+ Kxf8 27. c5 Nc8
0-1